| 000 | 00640nam a2200205Ii 4500 | ||
|---|---|---|---|
| 003 | JO-AjNU | ||
| 008 | 230606s9999||||xx |||||||||||||| ||und|| | ||
| 020 | _a81-203-2973-2 | ||
| 040 |
_aJO-AjNU _beng _erda _cJO-AjNU |
||
| 041 | _aeng | ||
| 050 | 1 | 4 | _aHF5826.5 2006 |
| 100 | 3 |
_aSharma,Sangeeta / Singh,Raghuvir, _eauthor _91473 |
|
| 245 | 0 | 0 | _aAdvertising: Planning and Implementation |
| 264 | 3 | 1 | _aNew Delhe : Prentice- Hall ,2006 |
| 300 |
_a478p _b Includes Bibliography indexes(p463-478) |
||
| 336 |
_atext _btxt _2rdacontent |
||
| 337 |
_aunmediated _bn _2rdamedia |
||
| 338 |
_avolume _bnc _2rdacarrier |
||
| 650 | 4 |
_aAdvertising _91474 |
|
| 999 |
_aE776 _c776 _d776 |
||